000 00462nam a2200193Ia 4500
003 GCL
008 140319s9999 xx 000 0 eng d
040 _aGCL /
_cGCL
082 0 4 _a843
_bAP
100 1 _aANSART, PIERRE
245 1 0 _aPRODHON /
_cANSART, PIERRE
260 _a[S.N] :
_bLE LIVRE DE POCHE ،
_c1984
300 _a413
650 0 4 _aLITERATURE
650 0 4 _aFRENCH LITERATURE
650 0 4 _aPROUDHON
650 0 4 _aBIOGRAPHIES
942 _2ddc
_cBK
999 _c25363
_d25363